Larousse multimedia enciclopedico 99 /
Guardado en:
| Autor Principal: | |
|---|---|
| Formato: | Libro |
| Publicado: |
Barcelona :
Larousse,
1997
|
| Materias: | |
| Etiquetas: |
Agregar Etiqueta
Sin Etiquetas, Sea el primero en etiquetar este registro!
|
| LEADER | 00406nam a22001455a 4500 | ||
|---|---|---|---|
| 001 | CEM.cems010414 | ||
| 005 | 20060214000000.0 | ||
| 008 | 130507s1997##################000#0#####d | ||
| 003 | CEMS | ||
| 082 | 0 | 4 | |a CD030 |
| 100 | 1 | |a Larousse | |
| 245 | 1 | 0 | |a Larousse multimedia enciclopedico 99 / |
| 260 | |a Barcelona : |b Larousse, |c 1997 | ||
| 653 | |a Cd-roms-software | ||
| 859 | |a CEMS |b BIB. CEMS - 11 de abril |h CD030 |i L328 |p 1714.44 |t Ej.2 | ||
